Normal view
MARC view
- Muhammad Yousuf
Entry Personal Name
001 - CONTROL NUMBER
- control field: 31105
003 - CONTROL NUMBER IDENTIFIER
- control field: NUST
005 - DATE AND TIME OF LATEST TRANSACTION
- control field: 20201001115046.0
008 - FIXED-LENGTH DATA ELEMENTS
- fixed length control field: 201001|| aca||aabn | a|a d
040 ## - CATALOGING SOURCE
- Original cataloging agency: NUST
- Transcribing agency: NUST
100 ## - HEADING--PERSONAL NAME
- Personal name: Muhammad Yousuf
670 ## - SOURCE DATA FOUND
- Source citation: Work cat.: (NUST): Manzoor, Muhammad Fahad ; Khan, Aimal ; Ahmad, Muhammad ; Ali, Syed Umaid 31104, Strategic Planning / , 2009.
